000
00330nam a2200145Ia 4500
005
20251222144914.0
008
251222s9999||||xx |||||||||||||| ||spa||
020
_a
84-8239-061-9
082
_a
233.12/J81
100
_a
Juan Pablo II, Papa
245
0
_a
VarĂ³n y Mujer:
250
_a
4a.ed.
264
_b
Palabra
942
_c
LIB
999
_c
22465
_d
22465